00609nam a2200157 4500001000700000003000900007005001700016007000300033008004100036100002900077245016600106260003200272500006600304710005700370852002400427128083ES-MaACL20250717081029.0t|070214s1917 sp r ||||1| spa d1 aRoa Erostarbe, Casimiro.10aConcepto filosófico-médico de la enfermedad y sus indicaciones terapeúticasb: tesis del doctorado en Medicina / cescrita por... Casimiro Roa y Erostarbe. aMadrid : b[s. n.], c1917. aTesis de doctorado leída en la Universidad Central en 1916.2 aUniversidad Central (Madrid). bFacultad de Medicina aES-MaACLj1514-F-15